El arte de construir muebles / (Record no. 118057)

MARC details
000 -LEADER
campo de control de longitud fija 00674nam a2200181 4500
001 - NÚMERO DE CONTROL
campo de control 118057
003 - IDENTIFICADOR DE NÚMERO DE CONTROL
campo de control ES-MaACL
005 - FECHA Y HORA DE LA ÚLTIMA TRANSACCIÓN
campo de control 20230906191025.0
007 - CAMPO FIJO DE DESCRIPCIÓN FÍSICA--INFORMACIÓN GENERAL
campo de control de longitud fija t|
008 - DATOS DE LONGITUD FIJA--INFORMACIÓN GENERAL
campo de control de longitud fija 070214s1959 sp r ||||1| spa d
100 1# - ENTRADA PRINCIPAL--NOMBRE DE PERSONA
Nombre de persona Pelton, B. W.
9 (RLIN) 90124
245 13 - MENCIÓN DEL TÍTULO
Título El arte de construir muebles /
Mención de responsabilidad, etc. B.W. Pelton ; versión directa de la primera edición norteamericana por Francisco Ferrand Masset ; edición revisada y adaptada por José Mª Soteras.
260 ## - PUBLICACIÓN, DISTRIBUCIÓN, ETC.
Lugar de publicación, distribución, etc. Barcelona [etc.] :
Nombre del editor, distribuidor, etc. José Montesó,
Fecha de publicación, distribución, etc. 1959.
300 ## - DESCRIPCIÓN FÍSICA
Extensión 561 p. :
Otras características físicas il ;
Dimensiones 22 cm.
700 1# - ENTRADA AGREGADA--NOMBRE PERSONAL
Nombre de persona Ferrand Masset, Francisco.
9 (RLIN) 50258
700 1# - ENTRADA AGREGADA--NOMBRE PERSONAL
Nombre de persona Soteras, José María.
9 (RLIN) 107465
852 ## - LOCALIZACIÓN
Ubicación ES-MaACL
Número de control de estantería C-4212
Sublocalización o colección R.44058
Holdings
Estatus retirado Estado de pérdida Estado de daño No para préstamo Biblioteca de origen Biblioteca actual Ubicación en estantería Fecha de adquisición Fuente de adquisición Total de préstamos Signatura topográfica completa Código de barras Visto por última vez Precio de reemplazo Tipo de ítem Koha
        Biblioteca del Ateneo de Madrid Biblioteca del Ateneo de Madrid Sala Palomar 17/01/2008     C-4212 1123077 23/02/2023 23/02/2023 Libro impreso